000
00244nam a2200097Ia 4500
001
800000
005
20250826171011.0
008
250824s9999 xx 000 0 und d
245
0
_a
KAFADAN YUMURTA
_c
YUSUF ASAL
260
_b
UĞUR BÖCEĞİ YAYINLARI
999
_c
800000
_d
800000